书目信息 |
| 题名: |
空间目标激光测距技术及应用
|
|
| 作者: | 赵春梅 著 | |
| 分册: | ||
| 出版信息: | 北京 科学出版社 2016.05 |
|
| 页数: | 212页 | |
| 开本: | 24cm | |
| 丛书名: | ||
| 单 册: | ||
| 中图分类: | P236 , P225.2 | |
| 科图分类: | ||
| 主题词: | 空间测量--激光测距 | |
| 电子资源: | ||
| ISBN: | 978-7-03-048204-4 | |
| 000 | 01114nam0 2200253 450 | |
| 001 | 5667 | |
| 005 | 20181020114006.12 | |
| 010 | @a978-7-03-048204-4@dCNY78.00 | |
| 100 | @a20160621d2016 em y0chiy50 ea | |
| 101 | 0 | @achi |
| 102 | @aCN@b110000 | |
| 105 | @aa z 000yy | |
| 200 | 1 | @a空间目标激光测距技术及应用@9kong jian mu biao ji guang ce ju ji shu ji ying yong@b专著@dSpace object laser ranging technology and its applications@f赵春梅[等]著@zeng |
| 210 | @a北京@c科学出版社@d2016.05 | |
| 215 | @a212页@c图@d24cm | |
| 304 | @a著者还有:桑吉章、瞿锋、郭金运、卫志斌、李语强 | |
| 330 | @a本书全面系统地介绍了空间目标激光测距技术的基本原理、基本内容以及在相关领域的应用成果。内容涉及到激光测距的理论基础、测距系统的基本组成和测距数据的采集与处理,结合作者多年的研究成果,详细阐述了观测数据的处理方法以及观测数据在地学、空间科学等领域的应用。 | |
| 510 | 1 | @aSpace object laser ranging technology and its applications@zeng |
| 606 | 0 | @a空间测量@x激光测距 |
| 690 | @aP236@v5 | |
| 690 | @aP225.2@v5 | |
| 701 | 0 | @a赵春梅@9zhao chun mei@4著 |
| 801 | 0 | @aCN@b91MARC@c20160705 |
| 905 | @aMuseLib@dP236@e294 | |
| 空间目标激光测距技术及应用=Space object laser ranging technology and its applications/赵春梅[等]著.-北京:科学出版社,2016.05 |
| 212页:图;24cm |
| ISBN 978-7-03-048204-4:CNY78.00 |
| 本书全面系统地介绍了空间目标激光测距技术的基本原理、基本内容以及在相关领域的应用成果。内容涉及到激光测距的理论基础、测距系统的基本组成和测距数据的采集与处理,结合作者多年的研究成果,详细阐述了观测数据的处理方法以及观测数据在地学、空间科学等领域的应用。 |
| ● |
| 相关链接 |
|
|
|
|
正题名:空间目标激光测距技术及应用
索取号:P236/294
 
预约/预借
| 序号 | 登录号 | 条形码 | 馆藏地/架位号 | 状态 | 备注 |
| 1 | 1130736 | 211307361 | 第二样本阅览室/ [索取号:P236/294] | 在馆 | |
| 2 | 1130737 | 211307370 | 密集书库-物理学院/ [索取号:P236/294] | 在馆 | |
| 3 | 1130738 | 211307389 | 第三借阅区/ [索取号:P236/294] | 在馆 | |
| 4 | 1130739 | 211307398 | 第三借阅区/ [索取号:P236/294] | 在馆 | |
| 5 | 1130740 | 211307405 | 第三借阅区/ [索取号:P236/294] | 在馆 |